Les formes d'entreprises / (Record no. 92342)

MARC details
000 -LEADER
campo de control de longitud fija 00554nam a2200181 i 4500
001 - NÚMERO DE CONTROL
campo de control 92342
003 - IDENTIFICADOR DE NÚMERO DE CONTROL
campo de control ES-MaACL
005 - FECHA Y HORA DE LA ÚLTIMA TRANSACCIÓN
campo de control 20230906180941.0
007 - CAMPO FIJO DE DESCRIPCIÓN FÍSICA--INFORMACIÓN GENERAL
campo de control de longitud fija t|
008 - DATOS DE LONGITUD FIJA--INFORMACIÓN GENERAL
campo de control de longitud fija 050225s1924 fr ||||1| fre d
100 1# - ENTRADA PRINCIPAL--NOMBRE DE PERSONA
Nombre de persona Liefmann, Robert.
9 (RLIN) 72241
245 14 - MENCIÓN DEL TÍTULO
Título Les formes d'entreprises /
Mención de responsabilidad, etc. par Robert Liefmann; traduit d'après la 2ª. édition allemande par H. Stebz et J. Loussert.
260 ## - PUBLICACIÓN, DISTRIBUCIÓN, ETC.
Lugar de publicación, distribución, etc. [Laval :
Nombre del editor, distribuidor, etc. Barneoud],
Fecha de publicación, distribución, etc. 1924.
300 ## - DESCRIPCIÓN FÍSICA
Extensión 287 p. ;
Dimensiones 23 cm.
700 1# - ENTRADA AGREGADA--NOMBRE PERSONAL
Nombre de persona Stebz, H.
9 (RLIN) 107967
700 1# - ENTRADA AGREGADA--NOMBRE PERSONAL
Nombre de persona Loussert, J.
9 (RLIN) 74332
852 ## - LOCALIZACIÓN
Ubicación ES-MaACL
Número de control de estantería F-6047
Holdings
Estatus retirado Estado de pérdida Estado de daño No para préstamo Biblioteca de origen Biblioteca actual Ubicación en estantería Fecha de adquisición Fuente de adquisición Total de préstamos Signatura topográfica completa Código de barras Visto por última vez Precio de reemplazo Tipo de ítem Koha
        Biblioteca del Ateneo de Madrid Biblioteca del Ateneo de Madrid Depósito 2 17/01/2008     F-6047 1096406 23/02/2023 23/02/2023 Libro impreso